Κατάλογος Βιβλιοθηκών Mediterranean College

Διεθνή Οικονομικά / Μια Εισαγωγική Προσέγγιση (Record no. 1891)

MARC details
000 -LEADER
fixed length control field 01865cam a22001694a 4500
005 - ΗΜΕΡΟΜΗΝΙΑ ΚΑΙ ΩΡΑ ΤΕΛΕΥΤΑΙΑΣ ΕΝΗΜΕΡΩΣΗΣ
Πεδίο ελέγχου 20250605163311.0
008 - FIXED-LENGTH DATA ELEMENTS--GENERAL INFORMATION
Πεδίο ελέγχου σταθερού μήκους 250528s ||||||||||||||||||||||||d
035 ## - SYSTEM CONTROL NUMBER
System control number 16383
040 ## - ΠΗΓΗ ΚΑΤΑΛΟΓΟΓΡΑΦΗΣΗΣ
Φορέας πρωτότυπης καταλογογράφησης MC Athens Campus Library
Γλώσσα καταλογογράφησης Ελληνικά, Μοντέρνα (1453-)
Modifying agency MC Athens Campus Library
Κανόνες περιγραφικής καταλογογράφησης AACR2
245 1# - ΤΙΤΛΟΣ ΚΑΙ ΔΗΛΩΣΗ ΥΠΕΥΘΥΝΟΤΗΤΑΣ
Τίτλος Διεθνή Οικονομικά / Μια Εισαγωγική Προσέγγιση
260 ## - PUBLICATION, DISTRIBUTION, ETC.
Name of publisher, distributor, etc. Πουρναράκης Ε
-- Το Οικονομικο,
Date of publication, distribution, etc. 1993
300 ## - PHYSICAL DESCRIPTION
Extent 408
520 ## - SUMMARY, ETC.
Summary, etc. Πρόλογος, Εισαγωγή, Διεθνείς Νομισματικές Σχέσεις, Η Αγορά Συναλλάγματος, Αγορά Συναλλάγματος και ο Καθορισμός της Ισοτιμίας, Το Ισοζύγιο Πληρωμών, Οι Μηχανισμοί Προσαρμογής του Ισοζύγιου Πληρωμών, Το Διεθνές Νομισματικό Σύστημα: Ιστορλία και Εξελίξεις, Το Παρόν και το Μέλλον του Διεθνούς Νομισματικού Συστήματος, Διεθνής Οικονομική Ανταλλαγή, Η Θεωρία των Συγκριτικών Δαπανών: Από την Κλασσική στη Μοντέρνα Προσέγγιση, Η Κριτική της Παραδοσιακής Προσέγγισης και οι Νέες Εξελίξεις στη Θεωρία του Διεθνούς Εμπορίου, Δασμοί και Προστασία, Το Διεθνές Εμπόριο Μεταπολεμικά και το Θεσμικό Πλαίσιο της Διεθνούς Ανταλλαγής, Διεθνές Εμπόριο και Αναπτυσσόμενες Χώρες, Οι Πολυεθνικές Επιχειρήσεις, Οικονομική Ενοποίηση - Θεωρία και Πράξη, Οικονομική Ενοποίηση.
942 ## - ADDED ENTRY ELEMENTS (KOHA)
Koha item type Books
Holdings
Τύπος τεκμηρίου Βιβλιοθήκη Τρέχουσα τοποθεσία Barcode Αριθμός εισαγωγής Ημερομηνία απόκτησης Ταξιθετικό σύμβολο Αριθμός αντιτύπου Κατάσταση απόσυρσης Κατάσταση χαμένου Κατάσταση κατεστραμμένου Μη δανεισμός Σύνολο δανεισμών Ημερομηνία τελευταίας εμφάνισης Η τιμή ισχύει από
Books MC Athens Campus Library MC Athens Campus Library 9780000018908 4083 05/06/2025 337 POU 2           05/06/2025 05/06/2025

MC Athens Campus Library
Πατησίων 94 & Κοδριγκτώνος 13, 104 34
Πελλήνης 8 & Πατησίων 107, 112 51
Τ: +30 210 8899600

MC Thessaloniki Campus Library
Ίωνος Δραγούμη 21, 54625 | Ίωνος Δραγούμη 15, 54625
Τ: +30 2310 287779 – Τ: +30 2314 440300